Nabi Hud
| Format: | Book |
|---|---|
| Published: |
Kuala Lumpur :
Penerbitan Fargoes Sdn. Bhd. ,
1985
|
| Series: | Siri Riwayat Nabi
|
| Subjects: |
MARC
| LEADER | 00000cam a2200000 7i4500 | ||
|---|---|---|---|
| 001 | 0000007280 | ||
| 002 | 000007831 | ||
| 005 | 20000330.0 | ||
| 020 | |a 9679741494 | ||
| 090 | 0 | 0 | |a J 297 |b RIW |
| 245 | 0 | 0 | |a Nabi Hud |
| 260 | |a Kuala Lumpur : |b Penerbitan Fargoes Sdn. Bhd. , |c 1985 | ||
| 300 | |a 59p. : |b ill. ; |c 18cm. | ||
| 490 | 0 | |a Siri Riwayat Nabi | |
| 650 | 0 | 0 | |a Prophets in the Quran |
| 999 | |a 0005464 |b BUKU |c PINJAMAN |e PERPUSTAKAAN KOMUNITI PETALING JAYA | ||